| 000 | 00373nam a22001577a 4500 | ||
|---|---|---|---|
| 005 | 20150609055736.0 | ||
| 008 | 150609b xxu||||| |||| 00| 0 eng d | ||
| 041 | 0 | _aeng | |
| 080 | _a626.211 | ||
| 100 | _aHuston Horn | ||
| 245 | _aThe Pioneers | ||
| 260 |
_aNew York : _bRCA Victor, _c[1966] |
||
| 300 |
_a239 f. _bme il.; _c25 cm. |
||
| 650 | 1 | _2Pioneret | |
| 942 |
_2udc _cBK |
||
| 999 |
_c1015 _d1015 |
||